Sports Quiz

Random Sports or NBA Quiz

NBA Players Agents Quiz Stats

 Plays Quiz not verified by Sporcle

Challenge
Share
Tweet
Embed
Score 0/10 Timer 10:00
0 Plays Today
% Correct
BJ Armstrong
62.2%
Leon Rose
54.1%
Jeff Austin
43.2%
Dan Fegan
37.8%
David Folk
35.1%
Aaron Goodwin
35.1%
Rob Pelinka
27%
Arn Tellem
27%
Doug Davis
24.3%
Bill Duffy
24.3%

You're not logged in!

Compare scores with friends on all Sporcle quizzes.
Join for Free
OR
Log In

You Might Also Like...

Show Comments

Extras

Top Quizzes Today


Score Distribution

Your Account Isn't Verified!

In order to create a playlist on Sporcle, you need to verify the email address you used during registration. Go to your Sporcle Settings to finish the process.

Report this User

Report this user for behavior that violates our Community Guidelines.

Details: